Statistics for Provinces of China - Coastlines

Click here to take the quiz!

General Stats

  • This quiz has been taken 9 times
  • The average score is 12 of 13

Answer Stats

Coast LengthAnswer% Correct
3,752 kmFujian
100%
894 kmHebei
100%
3,000 kmLiaoning
100%
200 kmShanghai
100%
153 kmTianjin
100%
4,300 kmGuangdong
88%
1,500 kmHainan
88%
456 kmHong Kong
88%
0.34 kmMacau
88%
3,000 kmShandong
88%
1,595kmGuangxi
75%
1,000 kmJiangsu
75%
6,400 kmZhejiang
75%

Score Distribution

Percentile by Number Answered

Percent of People with Each Score

Your Score History

You have not taken this quiz